000 00771nam a22002417a 4500
001 118996
003 UA-OsUOA
005 20191004145834.0
007 ta
008 20160928b un ||||| |||| 00| 0 ukr d
040 _aUA-OsUOA
_bukr
_cUA-OsUOA
_dUA-OsUOA
041 _aukr
080 _a94(477.8)
090 _a94(477.8)
_bМ71
100 _aМишанич О.
245 _a"Карпаторусинство", його джерела й еволюція у ХХ ст.
_cО. Мишанич
260 _aУжгород
_bВідродження
_c1992
300 _a56 с.
650 7 _a9 Географія. Біографії. Історія
_2UDC
942 _cBK
_2udc
955 _a1
999 _c405203
_d405203